000 00520nam a2200181Ia 4500
999 _c28663
_d28663
003 OSt
005 20231215101659.0
008 190216s9999||||xx |||||||||||||| ||und||
020 _a8126409606
040 _coclc
082 _a322.40954
_bAZH/M
100 0 _aAzheekode, Sukumar
_d1926-2012
_91868
245 0 _aMahathmavinte Margam /
_cSukumar Azhikode
260 _bDC books,
_a Kottayam:
_c2006.
300 _a147p
650 _aPadanam
942 _cBK
_2ddc
_h322.40954
_iAZH/M
_k322.40954
_mAZH/M